[Event "ODEM U25B 2011"]
[Site "Oberhof GER"]
[Date "2011.06.16"]
[Round "7"]
[White "Bauch, Florian"]
[Black "Binner, Pascal"]
[Result "1-0"]
[Termination "normal"]
[Board "28"]
[WhiteElo "1306"]
[BlackElo "975"]
[PlyCount "81"]
[BlackFideId "12949914"]
[EventCountry "GER"]
[EventRounds "9"]
[EventType "swiss"]
[EventDate "2011.06.11"]

1. d4 d6 2. c4 Nf6 3. Nc3 g6 4. Nf3 Bg7 5. Bg5 O-O 6. e3 Nbd7 7. Bd3 e5 8. O-O
Qe8 9. Bc2 h6 10. Bxf6 Bxf6 11. Re1 Kh7 12. Nd5 Qd8 13. Qe2 Bg7 14. h4 f5 15.
g3 e4 16. Nd2 Rh8 17. f3 exf3 18. Qxf3 Rf8 19. Nf4 Qf6 20. Nd5 Qd8 21. h5 gxh5
22. Bxf5+ Kh8 23. Qxh5 Nf6 24. Nxf6 Qxf6 25. g4 Bxf5 26. gxf5 Qxf5 27. Qxf5
Rxf5 28. Rf1 Rxf1+ 29. Rxf1 Rf8 30. b4 Rxf1+ 31. Kxf1 h5 32. d5 Kh7 33. Nf3 Kg6
34. e4 Bf6 35. Kg2 Be5 36. Nxe5+ dxe5 37. c5 Kf6 38. Kh3 Kg5 39. b5 b6 40. c6
Kf6 41. d6 1-0

[Event "ODEM U25B 2011"]
[Site "Oberhof GER"]
[Date "2011.06.16"]
[Round "7"]
[White "Hölzer, Jeanette"]
[Black "Hoffmann, Rasmus"]
[Result "0-1"]
[Termination "normal"]
[Board "29"]
[WhiteElo "1108"]
[BlackElo "990"]
[PlyCount "64"]
[WhiteFideId "12917982"]
[EventCountry "GER"]
[EventRounds "9"]
[EventType "swiss"]
[EventDate "2011.06.11"]

1. e4 c5 2. Nf3 d6 3. d4 cxd4 4. Nxd4 Nf6 5. Nc3 a6 6. f3 e5 7. Nb3 Be7 8. Be3
Be6 9. Be2 O-O 10. f4 exf4 11. Bxf4 Qc7 12. Qd3 b5 13. Bf3 Nc6 14. Nd5 Bxd5 15.
exd5 Ne5 16. Qd2 Nxf3+ 17. gxf3 a5 18. O-O-O a4 19. Na1 Rfb8 20. Qg2 b4 21. Bh6
g6 22. Rd3 Bf8 23. Bxf8 Kxf8 24. Qg5 Kg7 25. h4 b3 26. a3 bxc2 27. Nxc2 Rc8 28.
Rc3 Qa5 29. Rxc8 Rxc8 30. Qf4 Qc5 31. Rh2 Nxd5 32. Qxa4 Qg1+ 0-1

[Event "ODEM U25B 2011"]
[Site "Oberhof GER"]
[Date "2011.06.16"]
[Round "7"]
[White "Klinge, Sabina"]
[Black "Möller, Jared William"]
[Result "1-0"]
[Termination "normal"]
[Board "30"]
[WhiteElo "1101"]
[BlackElo "893"]
[PlyCount "69"]
[WhiteFideId "12949590"]
[EventCountry "GER"]
[EventRounds "9"]
[EventType "swiss"]
[EventDate "2011.06.11"]

1. e4 e5 2. Nf3 Nf6 3. Nxe5 Qe7 4. d4 d6 5. Nf3 Nxe4 6. Be2 Qd8 7. O-O Be7 8.
Bb5+ Bd7 9. Bd3 Nf6 10. Re1 O-O 11. c4 d5 12. c5 Nc6 13. Bf1 Bg4 14. Be3 Ne4
15. h3 Bh5 16. Be2 Bxf3 17. Bxf3 f5 18. Bxe4 fxe4 19. Nc3 Bg5 20. Qg4 Bxe3 21.
fxe3 Nb4 22. Rf1 Re8 23. Qe2 Qg5 24. Rf4 Nd3 25. Rg4 Qh5 26. Rxg7+ Kxg7 27.
Qxh5 Rf8 28. Qxd5 Rfe8 29. Rf1 Rf8 30. Qg5+ Kh8 31. Rxf8+ Rxf8 32. Nxe4 Rg8 33.
Qf6+ Rg7 34. Ng5 Kg8 35. Qd8# 1-0

[Event "ODEM U25B 2011"]
[Site "Oberhof GER"]
[Date "2011.06.16"]
[Round "7"]
[White "Niewrzol, Anton"]
[Black "Holle, Niklas"]
[Result "0-1"]
[Termination "normal"]
[Board "31"]
[WhiteElo "835"]
[BlackElo "1060"]
[PlyCount "56"]
[EventCountry "GER"]
[EventRounds "9"]
[EventType "swiss"]
[EventDate "2011.06.11"]

1. e4 e6 2. Nc3 d5 3. d3 c5 4. b3 Nc6 5. Nf3 Bd6 6. Ba3 Qa5 7. Bb2 d4 8. Qd2
dxc3 9. Bxc3 Qc7 10. Be2 Nge7 11. O-O O-O 12. Qe3 b6 13. e5 Nxe5 14. Nxe5 Nd5
15. Qe4 Nxc3 16. Qe3 Nxe2+ 17. Qxe2 Bxe5 18. Qf3 Bb7 19. Qe3 Bd4 20. Qd2 Bxa1
21. Rxa1 Qc6 22. f3 e5 23. Kf2 Qh6 24. Qxh6 gxh6 25. g4 f6 26. Re1 Kf7 27. h3
Rad8 28. a4 Rd4 0-1

[Event "ODEM U25B 2011"]
[Site "Oberhof GER"]
[Date "2011.06.16"]
[Round "7"]
[White "Thumm, Niklas"]
[Black "Binner, Jule"]
[Result "1-0"]
[Termination "normal"]
[Board "32"]
[WhiteElo "1016"]
[BlackElo "831"]
[PlyCount "49"]
[WhiteFideId "12918733"]
[BlackFideId "16205332"]
[EventCountry "GER"]
[EventRounds "9"]
[EventType "swiss"]
[EventDate "2011.06.11"]

1. e4 c5 2. Nf3 d6 3. c3 e6 4. d4 cxd4 5. cxd4 Be7 6. Nc3 a6 7. Bd3 b5 8. O-O
Bb7 9. Re1 Nf6 10. Bg5 Nfd7 11. Qd2 h6 12. Be3 O-O 13. Bxh6 gxh6 14. Qxh6 e5
15. Ne2 Nb6 16. Ng3 Nc4 17. Nh5 Bf6 18. Nxf6+ Qxf6 19. Qxf6 Nxb2 20. Ng5 Nd7
21. Qh6 Nf6 22. Qxf6 Nxd3 23. Qh6 Rfd8 24. Qh7+ Kf8 25. Qxf7# 1-0

[Event "ODEM U25B 2011"]
[Site "Oberhof GER"]
[Date "2011.06.16"]
[Round "7"]
[White "Michalowski, Sophia"]
[Black "Schumacher, Aaron"]
[Result "1-0"]
[Termination "normal"]
[Board "33"]
[WhiteElo "1014"]
[BlackElo "788"]
[PlyCount "57"]
[WhiteFideId "12902454"]
[BlackFideId "12952184"]
[EventCountry "GER"]
[EventRounds "9"]
[EventType "swiss"]
[EventDate "2011.06.11"]

1. d4 e6 2. e4 d5 3. e5 f6 4. exf6 Nxf6 5. Nf3 Nc6 6. Bb5 Bd7 7. Nc3 Bd6 8. O-O
Ng4 9. Ne5 Ngxe5 10. dxe5 Bxe5 11. Bxc6 Bxc6 12. Re1 Qd6 13. Qh5+ g6 14. Qxe5
Qxe5 15. Rxe5 Ke7 16. Bd2 d4 17. Nb5 Kf6 18. Bf4 Rhc8 19. Nxd4 h6 20. Rxe6+ Kg7
21. Nxc6 bxc6 22. Rxc6 Rab8 23. Rxc7+ Rxc7 24. Bxc7 Rxb2 25. Be5+ Kf7 26. Bxb2
Ke6 27. Re1+ Kf5 28. Re7 a5 29. c4 1-0

[Event "ODEM U25B 2011"]
[Site "Oberhof GER"]
[Date "2011.06.16"]
[Round "7"]
[White "Eggert, Daniela"]
[Black "Kalina, Joshua"]
[Result "1/2-1/2"]
[Termination "normal"]
[Board "35"]
[WhiteElo "1041"]
[BlackElo "750"]
[PlyCount "82"]
[WhiteFideId "12991490"]
[EventCountry "GER"]
[EventRounds "9"]
[EventType "swiss"]
[EventDate "2011.06.11"]

1. e4 e5 2. Nf3 Nc6 3. Nc3 Nf6 4. Bb5 Bb4 5. d3 Bxc3+ 6. bxc3 d6 7. O-O a6 8.
Ba4 b5 9. Bb3 Bg4 10. Bg5 b4 11. cxb4 Nd4 12. Bd5 Rb8 13. c3 Bxf3 14. gxf3 Ne6
15. Bxe6 fxe6 16. Qd2 O-O 17. f4 Qe8 18. Kh1 Qh5 19. f3 c6 20. Qg2 Rb7 21. Rg1
Rff7 22. Bxf6 Rxf6 23. d4 exf4 24. c4 d5 25. cxd5 cxd5 26. Rac1 Rf8 27. Rc6
dxe4 28. fxe4 f3 29. Qg3 f2 30. Rf1 Rbf7 31. Rxe6 Qe2 32. Kg2 Rf3 33. Qh4 R8f4
34. Re8+ Rf8 35. Rxf8+ Rxf8 36. Rxf2 Rxf2+ 37. Qxf2 Qxe4+ 38. Kh3 Qd3+ 39. Kg2
Qe4+ 40. Kh3 Qd3+ 41. Kg2 Qe4+ 1/2-1/2

[Event "ODEM U25B 2011"]
[Site "Oberhof GER"]
[Date "2011.06.16"]
[Round "7"]
[White "Riehle, Fabio"]
[Black "Lilienthal, Niels Bennett"]
[Result "1-0"]
[Termination "normal"]
[Board "36"]
[WhiteElo "808"]
[BlackElo "853"]
[PlyCount "25"]
[WhiteFideId "36052140"]
[BlackFideId "16205421"]
[EventCountry "GER"]
[EventRounds "9"]
[EventType "swiss"]
[EventDate "2011.06.11"]

1. e4 e5 2. Nf3 Nc6 3. d4 exd4 4. Bc4 Nf6 5. Bg5 h6 6. e5 hxg5 7. Nxg5 Rh5 8.
Bxf7+ Ke7 9. Bxh5 Nxh5 10. Qxh5 Nxe5 11. O-O d6 12. Re1 Bf5 13. Qf7# 1-0

[Event "ODEM U25B 2011"]
[Site "Oberhof GER"]
[Date "2011.06.16"]
[Round "7"]
[White "Reyher, Susan"]
[Black "Polert, Jesper"]
[Result "1-0"]
[Termination "normal"]
[Board "38"]
[WhiteElo "1320"]
[BlackElo "809"]
[PlyCount "59"]
[WhiteFideId "24686107"]
[EventCountry "GER"]
[EventRounds "9"]
[EventType "swiss"]
[EventDate "2011.06.11"]

1. e4 c6 2. d4 d5 3. exd5 cxd5 4. c4 e6 5. Nc3 Nf6 6. Nf3 Nc6 7. Bf4 Bb4 8. Qb3
O-O 9. Bd3 Re8 10. O-O Ba5 11. Rfe1 Bb6 12. cxd5 exd5 13. Rxe8+ Qxe8 14. Nxd5
Be6 15. Nxf6+ gxf6 16. d5 Bxd5 17. Qxd5 Rd8 18. Qf5 Bd4 19. Nxd4 Nxd4 20. Qxh7+
Kf8 21. Bh6+ Ke7 22. Re1+ Kd7 23. Rxe8 Rxe8 24. Qxf7+ Re7 25. Qd5+ Ke8 26. Bg6+
Rf7 27. Bxf7+ Ke7 28. Qxd4 Kxf7 29. Bg5 fxg5 30. Qe5 1-0